000 00795nam0a22002291 4500
001 rc\347971
005 20250621051509.0
035 _a(NLR Aleph) 005591108
090 _a6213475
_c6213475
100 _a20030307d1989 |||y0rusy50 ca
101 0 _arus
102 _aRU
105 _ay |||||||||
200 1 _aЭкономические и юридические законы в системе государственного управления хозяйством
_eУчеб. пособие
_fВсесоюз. юрид. заоч. ин-т
210 _aМ.
_cВЮЗИ
_d1989
215 _a116, [2] с.
_d22
700 1 _aКузнецов
_bН.Н.
_gНиколай Нилович
801 0 _aRU
_bNLR
_gpsbo
801 1 _aRU
_bELAR
_2rusmarc
852 _aNLR
_j89-5/4955
942 _cBOOK
980 _aNB